[Event "Sao Paulo Carnaval op"]
[Site "Sao Paulo"]
[Date "2018.02.12"]
[Round "6"]
[White "Da Rocha, Lucas Sampaio"]
[Black "Kikuchi Cadilhac, Mariana Sawae"]
[Result "1-0"]
[WhiteElo "1532"]
[BlackElo "1736"]
[PlyCount "61"]
[EventDate "2018.02.10"]
[EventType "swiss"]
[EventRounds "7"]
[EventCountry "BRA"]
[SourceTitle "CBM 183 Extra"]
[Source "ChessBase"]
[SourceDate "2018.04.19"]
[SourceVersion "1"]
[SourceVersionDate "2018.04.19"]
[SourceQuality "1"]

1. e4 e5 2. Nf3 Nc6 3. d4 exd4 4. Bc4 Bc5 5. c3 Qf6 6. 0-0 Nge7 7. Bg5 Qg6 8. Bxe7 Bxe7 9. cxd4 Qxe4 10. Nc3 Qg4 11. Bxf7+ Kxf7 12. d5 d6 13. dxc6 bxc6 14. h3 Qg6 15. Qb3+ Qe6 16. Qa4 c5 17. Rfe1 Qg6 18. Kh2 Bf5 19. Qb3+ Kf8 20. Qb7 Rc8 21. Qxa7 Be6 22. Re4 d5 23. Rf4+ Ke8 24. Qa6 Bd6 25. Nxd5 Kd7 26. Rd1 Rhf8 27. Nxc7 Bc4 28. Ne5+ Kxc7 29. Qc6+ Kb8 30. Qb6+ Ka8 31. Nxg6 1-0